[Event "Plzen, JF B"]
[Site "?"]
[Date "1999.??.??"]
[Round "4.8"]
[White "Marous, R."]
[Black "Cervinka, R."]
[Result "1-0"]
[WhiteElo "1665"]
[BlackElo "1444"]
[PlyCount "85"]
[EventDate "1999.??.??"]
[Source "ChessBase"]
[SourceDate "1996.11.15"]

1. e4 c6 2. f4 d5 3. e5 Bf5 4. Nf3 e6 5. d4 Nd7 6. Be3 c5 7. c3 Qc7 8. Bb5 cxd4
9. Nxd4 Bxb1 10. Rxb1 Bc5 11. O-O Ne7 12. Kh1 Bxd4 13. cxd4 O-O 14. Rc1 Qd8 15.
Rc3 a6 16. Bd3 Rc8 17. Rf3 Rxc3 18. bxc3 f5 19. Qc2 h6 20. h3 Qe8 21. g4 h5 22.
Qg2 hxg4 23. hxg4 Qg6 24. Rg3 Qh6+ 25. Rh3 Qg6 26. Rh5 Qxg4 27. Qxg4 fxg4 28.
Rg5 Nf5 29. Bd2 Nh6 30. c4 Nb6 31. c5 Nc4 32. Bc1 Na5 33. Kg2 Nc6 34. Be3 Ne7
35. Kf2 Nef5 36. Rg6 Nxe3 37. Kxe3 Re8 38. f5 Kf7 39. Kf4 exf5 40. Bxf5 Nxf5
41. Kxf5 g3 42. Rxg3 Re6 43. Rxg7+ 1-0

[Event "Plzen, JF B"]
[Site "?"]
[Date "1999.??.??"]
[Round "4.9"]
[White "Vogeltanz, M."]
[Black "Bauer, J."]
[Result "1/2-1/2"]
[WhiteElo "1429"]
[BlackElo "1575"]
[PlyCount "43"]
[EventDate "1999.??.??"]
[Source "ChessBase"]
[SourceDate "1996.11.15"]

1. e4 d6 2. d4 g6 3. Nc3 Bg7 4. h3 Nf6 5. Nf3 O-O 6. Bd3 Nbd7 7. O-O c5 8. d5
a6 9. a4 Ne8 10. Be3 Nc7 11. Rb1 Nf6 12. Ne2 Bd7 13. c4 Rb8 14. b4 b6 15. bxc5
bxc5 16. Bc2 Rxb1 17. Qxb1 Qb8 18. Qa2 Qa7 19. Rb1 Rb8 20. Rxb8+ Qxb8 21. a5
Be8 22. Qb3 1/2-1/2

[Event "Plzen, JF B"]
[Site "?"]
[Date "1999.??.??"]
[Round "4.10"]
[White "Straka, V."]
[Black "Petera, L."]
[Result "0-1"]
[WhiteElo "1572"]
[BlackElo "1324"]
[PlyCount "68"]
[EventDate "1999.??.??"]
[Source "ChessBase"]
[SourceDate "1996.11.15"]

1. Nf3 Nf6 2. d4 g6 3. c4 Bg7 4. Nc3 d6 5. g3 O-O 6. Bg2 Re8 7. O-O Bg4 8. h3
Bd7 9. e4 e5 10. d5 Qc8 11. Kh2 Kh8 12. Be3 Ng8 13. b4 f5 14. c5 Nf6 15. Rc1
Qd8 16. cxd6 cxd6 17. Qe2 a6 18. Nd2 fxe4 19. Ndxe4 Nxe4 20. Bxe4 Rf8 21. Qc2
Bf5 22. Na4 Bxe4 23. Qxe4 Nd7 24. Qd3 Re8 25. Nc3 Rc8 26. Ne4 Rxc1 27. Rxc1 Nb6
28. Bg5 Qd7 29. Be3 Nc8 30. Bg5 Ne7 31. Rc4 Nf5 32. Qc3 Rf8 33. Rc7 Qb5 34. Kg2
Qe2 0-1

[Event "Plzen, JF B"]
[Site "?"]
[Date "1999.??.??"]
[Round "4.11"]
[White "Zemen, J."]
[Black "Svoboda, Jan"]
[Result "0-1"]
[WhiteElo "1375"]
[BlackElo "1553"]
[PlyCount "80"]
[EventDate "1999.??.??"]
[Source "ChessBase"]
[SourceDate "1996.11.15"]

1. e4 e5 2. Nf3 Nc6 3. Nc3 Nf6 4. d4 exd4 5. Nxd4 Bb4 6. Nxc6 bxc6 7. Bd3 O-O
8. O-O Re8 9. f3 Bc5+ 10. Kh1 h6 11. Re1 Nh5 12. Rf1 d5 13. f4 g6 14. Qf3 Qh4
15. Be3 Bxe3 16. Qxe3 d4 17. Qxd4 Ng3+ 18. Kg1 Nxf1 19. Rxf1 Qd8 20. Qc5 Qd6
21. Qxd6 cxd6 22. f5 g5 23. Rf3 f6 24. Nd1 Rb8 25. b3 Re5 26. Nf2 d5 27. Kf1
dxe4 28. Bxe4 Ba6+ 29. Bd3 Rbe8 30. Ng4 Bxd3+ 31. Rxd3 Rxf5+ 32. Nf2 Rd5 33.
Rc3 c5 34. Nd3 Rf5+ 35. Nf2 h5 36. g3 g4 37. a3 a5 38. Rc4 Re3 39. Rf4 Rxf4 40.
gxf4 Rf3 0-1

[Event "Plzen, JF B"]
[Site "?"]
[Date "1999.??.??"]
[Round "4.12"]
[White "Hruska, V."]
[Black "Stich, M."]
[Result "1/2-1/2"]
[WhiteElo "1275"]
[BlackElo "1495"]
[PlyCount "96"]
[EventDate "1999.??.??"]
[Source "ChessBase"]
[SourceDate "1996.11.15"]

1. d4 Nf6 2. c4 g6 3. Nc3 Bg7 4. e3 d6 5. Bd3 O-O 6. Nf3 Bg4 7. Bd2 Nbd7 8. h3
Bxf3 9. Qxf3 c6 10. b4 Qc7 11. O-O c5 12. bxc5 dxc5 13. d5 Ne5 14. Qe2 Nxd3 15.
Qxd3 Rad8 16. e4 Nd7 17. Rab1 b6 18. Rfc1 Ne5 19. Qe2 Rfe8 20. f4 Nd7 21. e5
Nf8 22. Rb3 Rd7 23. g4 Red8 24. Qe4 g5 25. Rf1 gxf4 26. Bxf4 Qb7 27. Re1 Ng6
28. Bg3 Qb8 29. Bh2 e6 30. d6 Re8 31. Nb5 Red8 32. Nc7 Rf8 33. a4 a5 34. Reb1
Rxc7 35. dxc7 Qxc7 36. Rxb6 Bxe5 37. Bxe5 Nxe5 38. Qb7 Qd8 39. Qe4 Qf6 40. Rf1
Qg7 41. Re1 Nd7 42. Rd6 Nf6 43. Qf3 h5 44. Rd2 hxg4 45. hxg4 Nxg4 46. Rg2 Qd4+
47. Kh1 Qh8+ 48. Kg1 Qd4+ 1/2-1/2

[Event "Plzen, JF B"]
[Site "?"]
[Date "1999.??.??"]
[Round "4.13"]
[White "Priborsky, M."]
[Black "Smid, J."]
[Result "0-1"]
[WhiteElo "1487"]
[BlackElo "1350"]
[PlyCount "56"]
[EventDate "1999.??.??"]
[Source "ChessBase"]
[SourceDate "1996.11.15"]

1. e4 e5 2. Nf3 Nc6 3. Nc3 Nf6 4. Bb5 Bc5 5. O-O O-O 6. d3 d6 7. Bg5 h6 8. Bh4
g5 9. Nxg5 hxg5 10. Bxg5 Be6 11. Qf3 Kg7 12. Qg3 Rh8 13. h4 Nh5 14. Qf3 Nd4 15.
Qd1 f6 16. Bd2 Kf7 17. Ba4 c6 18. Ne2 Bg4 19. Bb3+ Ke7 20. Re1 Bxe2 21. Rxe2
Nxe2+ 22. Qxe2 Qf8 23. Qg4 Ng7 24. Kh2 Bxf2 25. g3 Nh5 26. Qe6+ Kd8 27. Rf1
Bxg3+ 28. Kh1 Bxh4 0-1

[Event "Plzen, JF B"]
[Site "?"]
[Date "1999.??.??"]
[Round "4.14"]
[White "Kralovec, V."]
[Black "Barton, O."]
[Result "1-0"]
[WhiteElo "1536"]
[BlackElo "1673"]
[PlyCount "63"]
[EventDate "1999.??.??"]
[Source "ChessBase"]
[SourceDate "1996.11.15"]

1. e4 d5 2. exd5 Nf6 3. Nc3 Nxd5 4. Bc4 c6 5. d4 e6 6. Nf3 Bd6 7. O-O O-O 8.
Ne4 Be7 9. a3 Nd7 10. Bd3 N7f6 11. Ng3 c5 12. c4 Nc7 13. dxc5 Bxc5 14. b4 Be7
15. Bb2 b6 16. Qc2 Bb7 17. Rad1 Qc8 18. Bxf6 Bxf6 19. Bxh7+ Kh8 20. Be4 g6 21.
Qc1 Kg7 22. Qf4 Ne8 23. Bxb7 Qxb7 24. Rd3 Rd8 25. Rfd1 Rxd3 26. Rxd3 a5 27. Qe4
Qc7 28. Qg4 Rh8 29. Rd1 Bb2 30. bxa5 bxa5 31. Ng5 Qe5 32. Rd7 1-0

[Event "Plzen, JF B"]
[Site "?"]
[Date "1999.??.??"]
[Round "4.15"]
[White "Grobelsek, M."]
[Black "Martinek, P."]
[Result "0-1"]
[WhiteElo "1500"]
[BlackElo "1550"]
[PlyCount "28"]
[EventDate "1999.??.??"]
[Source "ChessBase"]
[SourceDate "1996.11.15"]

1. e4 e5 2. Nf3 Nc6 3. Bc4 Be7 4. d4 exd4 5. Nxd4 Nf6 6. Nf5 O-O 7. O-O Nxe4 8.
Bh6 gxh6 9. Qg4+ Ng5 10. f4 d5 11. Bd3 Bxf5 12. fxg5 Bxg4 13. Rf4 Bc5+ 14. Kh1
Qxg5 0-1

[Event "Plzen, JF B"]
[Site "?"]
[Date "1999.??.??"]
[Round "4.16"]
[White "Barton, J."]
[Black "Simlova, K."]
[Result "1-0"]
[WhiteElo "1705"]
[BlackElo "1550"]
[PlyCount "71"]
[EventDate "1999.??.??"]
[Source "ChessBase"]
[SourceDate "1996.11.15"]

1. e4 e5 2. Nf3 Nc6 3. Bc4 Nf6 4. Ng5 d5 5. exd5 Na5 6. d3 Nxd5 7. Qf3 Nf6 8.
Nxf7 e4 9. Qe2 Qd4 10. c3 Qb6 11. Nxh8 Nxc4 12. dxc4 Be6 13. Be3 Qc6 14. Nd2
O-O-O 15. O-O Bd6 16. b4 Ng4 17. Nf7 Bxh2+ 18. Kh1 Rd3 19. Ng5 Bf5 20. Ngxe4
Rxe3 21. fxe3 Qh6 22. g3 Bxg3+ 23. Kg1 Bh2+ 24. Kg2 Nxe3+ 25. Kf2 Ng4+ 26. Ke1
Qh4+ 27. Nf2 Ne5 28. Nf3 Nxf3+ 29. Qxf3 Qe7+ 30. Qe2 Qd7 31. Nd3 Bg3+ 32. Kd2
g6 33. Rad1 h5 34. Kc1 b6 35. Qf3 Bd6 36. Qa8# 1-0

[Event "Plzen, JF B"]
[Site "?"]
[Date "1999.??.??"]
[Round "4.17"]
[White "Honzl, O."]
[Black "Soral, D."]
[Result "0-1"]
[WhiteElo "1268"]
[BlackElo "1550"]
[PlyCount "86"]
[EventDate "1999.??.??"]
[Source "ChessBase"]
[SourceDate "1996.11.15"]

1. e4 e5 2. Nf3 Nc6 3. Bc4 Nf6 4. d3 d5 5. Bxd5 Nxd5 6. exd5 Qxd5 7. Nc3 Qd7 8.
O-O Bb4 9. Bd2 O-O 10. Re1 Bd6 11. Ne4 Re8 12. c3 Qf5 13. Qc2 Qg6 14. Ng3 Bd7
15. Nh4 Qg4 16. Nf3 Re7 17. Re4 Qg6 18. Rae1 Rae8 19. b4 f6 20. b5 Nb8 21. Ra4
a6 22. c4 axb5 23. cxb5 Bxb5 24. Qb3+ Kh8 25. Qxb5 c6 26. Qb2 Qxd3 27. Ne4 Qd5
28. Nxd6 Qxd6 29. Nh4 b5 30. Rae4 Nd7 31. Nf5 Qd5 32. Nxe7 Rxe7 33. Rb4 h6 34.
Qc2 Nc5 35. Be3 Nd3 36. Rd1 Nxb4 37. Rxd5 Nxc2 38. Rd8+ Kh7 39. Bc5 Re6 40. Rd2
Nd4 41. Bxd4 exd4 42. f3 c5 43. Kf2 Kg6 0-1

[Event "Plzen, JF B"]
[Site "?"]
[Date "1999.??.??"]
[Round "4.18"]
[White "Rehak, M."]
[Black "Jurek, M."]
[Result "1-0"]
[WhiteElo "1259"]
[BlackElo "1350"]
[PlyCount "77"]
[EventDate "1999.??.??"]
[Source "ChessBase"]
[SourceDate "1996.11.15"]

1. e4 e5 2. Nf3 Nc6 3. Bb5 d6 4. c3 Bd7 5. O-O Nf6 6. Re1 g6 7. d3 Bg7 8. Bg5
O-O 9. Qd2 a6 10. Ba4 Re8 11. Bh6 Bh8 12. Bb3 Be6 13. Qc2 Qd7 14. Ng5 d5 15.
exd5 Bxd5 16. Bxd5 Qxd5 17. Ne4 Rad8 18. Nxf6+ Bxf6 19. Re3 e4 20. d4 Bxd4 21.
cxd4 Nxd4 22. Qd2 Nc2 23. Qxd5 Rxd5 24. Nc3 Rdd8 25. Rd1 Rxd1+ 26. Nxd1 Nxe3
27. Bxe3 b5 28. a3 Kg7 29. Kf1 Rd8 30. Ke2 Rd5 31. Nc3 Re5 32. Bd4 f6 33. Bxe5
fxe5 34. Nxe4 h5 35. Nc5 Kf6 36. Ke3 a5 37. Ke4 b4 38. axb4 axb4 39. Nd7+ 1-0

[Event "Plzen, JF B"]
[Site "?"]
[Date "1999.??.??"]
[Round "4.19"]
[White "Toman, J."]
[Black "Fastova, K."]
[Result "0-1"]
[WhiteElo "1550"]
[BlackElo "1255"]
[PlyCount "46"]
[EventDate "1999.??.??"]
[Source "ChessBase"]
[SourceDate "1996.11.15"]

1. e4 e5 2. Nf3 d6 3. Nc3 Be7 4. d4 Nd7 5. dxe5 dxe5 6. Be3 Ngf6 7. Bb5 a6 8.
Bxd7+ Nxd7 9. Qd3 b5 10. Qd5 Rb8 11. Nxe5 O-O 12. Nxd7 Qxd7 13. Qxd7 Bxd7 14.
Nd5 Bd6 15. O-O Rfe8 16. f3 Bc6 17. Bf2 f5 18. Rfe1 Rbd8 19. Rad1 Bb7 20. exf5
Rxe1+ 21. Bxe1 Bc5+ 22. Kf1 Bxd5 23. b3 a5 0-1

[Event "Plzen, JF B"]
[Site "?"]
[Date "1999.??.??"]
[Round "4.20"]
[White "Bim, T."]
[Black "Kracikova, L."]
[Result "1-0"]
[WhiteElo "1550"]
[BlackElo "1350"]
[PlyCount "79"]
[EventDate "1999.??.??"]
[Source "ChessBase"]
[SourceDate "1996.11.15"]

1. e4 e5 2. Nf3 Nc6 3. Bc4 Nf6 4. Nc3 Be7 5. d3 d6 6. Be3 Bg4 7. h3 Bxf3 8.
Qxf3 Qd7 9. O-O-O O-O-O 10. Bxf7 Rhf8 11. Bc4 h6 12. d4 Qe8 13. Qe2 exd4 14.
Bxd4 Nxd4 15. Rxd4 Nd7 16. Ba6 Nc5 17. Bc4 Qc6 18. Nd5 Qd7 19. e5 Rfe8 20. Re1
c6 21. Nf4 Bg5 22. Kb1 Rxe5 23. Qd2 Rxe1+ 24. Qxe1 Re8 25. Qd1 Bxf4 26. Rxf4
Qc7 27. b3 d5 28. Bd3 Qxf4 29. Qh5 Re1+ 30. Kb2 Qd4+ 31. Ka3 Na6 32. Bxa6 bxa6
33. Qf5+ Kc7 34. Qf7+ Kb6 35. Qf8 Rb1 36. Qb8+ Kc5 37. Qxa7+ Kd6 38. Qxd4 Re1
39. Qb4+ c5 40. Qxe1 1-0

[Event "Plzen, JF B"]
[Site "?"]
[Date "1999.??.??"]
[Round "4.21"]
[White "Kracikova, K."]
[Black "Matousek, Lu"]
[Result "1-0"]
[WhiteElo "1550"]
[BlackElo "1350"]
[PlyCount "83"]
[EventDate "1999.??.??"]
[Source "ChessBase"]
[SourceDate "1996.11.15"]

1. e4 e5 2. Nf3 Nc6 3. Bb5 Bc5 4. c3 Nf6 5. Bxc6 bxc6 6. d3 d6 7. b4 Bb6 8. O-O
O-O 9. Re1 Ng4 10. d4 exd4 11. cxd4 Re8 12. e5 Ba6 13. h3 Nxf2 14. Kxf2 dxe5
15. Nc3 exd4 16. Rxe8+ Qxe8 17. Nxd4 Rd8 18. Be3 c5 19. bxc5 Bxc5 20. Qg4 g6
21. Rd1 Bc8 22. Qf4 Bd6 23. Qh4 c5 {#} 24. Ne4 Be7 25. Bg5 Bxg5 26. Qxg5 cxd4
27. Nf6+ Kf8 28. Nxe8 Rxe8 29. Rxd4 Be6 30. Qf6 Bxa2 31. Qh8+ Ke7 32. Re4+ Be6
33. Qxh7 Rd8 34. Qh4+ f6 35. Ke1 g5 36. Qg4 a5 37. Qxe6+ Kf8 38. Qxf6+ Kg8 39.
Qxg5+ Kf8 40. Qxd8+ Kf7 41. Qxa5 Kg8 42. Rb4 1-0

[Event "Plzen, JF B"]
[Site "?"]
[Date "1999.??.??"]
[Round "4.22"]
[White "Pokorny, J."]
[Black "Palkova, K."]
[Result "1-0"]
[WhiteElo "1550"]
[BlackElo "1350"]
[PlyCount "85"]
[EventDate "1999.??.??"]
[Source "ChessBase"]
[SourceDate "1996.11.15"]

1. e4 e5 2. Nf3 Nc6 3. d4 exd4 4. Nxd4 Nxd4 5. Qxd4 d6 6. Bc4 Be6 7. Nc3 Be7 8.
Bxe6 fxe6 9. Qxg7 Bf6 10. Qg4 Qd7 11. O-O O-O-O 12. Bg5 h6 13. Bxf6 Nxf6 14.
Qh4 Rdf8 15. Rad1 d5 16. e5 Ne8 17. a4 Rfg8 18. b4 Qc6 19. Qh3 Rg6 20. Nxd5 Rh7
21. b5 Qxc2 22. a5 Rhg7 23. g3 Rd7 24. Ne3 Qc5 25. Qh5 Rxd1 26. Rxd1 Rg8 27.
Qxh6 Qxe5 28. Qh7 Nf6 29. Qe7 Re8 30. Qb4 Qe4 31. Qxe4 Nxe4 32. Rc1 a6 33. b6
c6 34. Nc4 Rf8 35. f4 Rh8 36. Re1 Nc5 37. Nd6+ Kd7 38. Rd1 Ke7 39. h4 Kf6 40.
Kg2 e5 41. fxe5+ Kxe5 42. Nf7+ Kf6 43. Nxh8 1-0

[Event "Plzen, JF B"]
[Site "?"]
[Date "1999.??.??"]
[Round "4.23"]
[White "Karbusicky, O."]
[Black "Simlova, J."]
[Result "0-1"]
[WhiteElo "1350"]
[BlackElo "1550"]
[PlyCount "66"]
[EventDate "1999.??.??"]
[Source "ChessBase"]
[SourceDate "1996.11.15"]

1. e4 e5 2. Nf3 Nc6 3. Bc4 Nf6 4. Nc3 Bc5 5. d3 O-O 6. O-O d6 7. Bg5 h6 8. Bh4
Be6 9. Bd5 Bg4 10. Bxc6 bxc6 11. h3 Bh5 12. Re1 Re8 13. d4 Bxd4 14. Nxd4 Bxd1
15. Nxc6 Qd7 16. Nxe5 Rxe5 17. Raxd1 Qe6 18. Bg3 Rh5 19. e5 dxe5 20. Nb5 Qc6
21. a4 Ne4 22. Bxe5 Rxe5 23. Nd4 Qf6 24. f3 Ng3 25. f4 Qxf4 26. Rxe5 Qxe5 27.
Nc6 Qc5+ 28. Nd4 Ne2+ 29. Kf1 Nxd4 30. c3 Qf5+ 31. Kg1 Ne2+ 32. Kh2 Rb8 33. g4
Qf2+ 0-1

[Event "Plzen, JF B"]
[Site "?"]
[Date "1999.??.??"]
[Round "4.24"]
[White "Smazalova, H."]
[Black "Matousek, Li"]
[Result "1-0"]
[WhiteElo "1350"]
[BlackElo "1350"]
[PlyCount "43"]
[EventDate "1999.??.??"]
[Source "ChessBase"]
[SourceDate "1996.11.15"]

1. e4 e5 2. Nf3 Nc6 3. Nc3 Nf6 4. Bb5 Bb4 5. O-O Nd4 6. Nxe5 Nxb5 7. Nxb5 Nxe4
8. Re1 Qg5 9. Rxe4 d6 10. Nxc7+ Kd8 11. Nxf7+ Kxc7 12. Nxg5 a5 13. Re7+ Bd7 14.
Rxg7 Bc5 15. Ne6+ Kc6 16. Qf3+ d5 17. Nxc5 Rhf8 18. Qc3 Rfe8 19. Nd3+ Kb6 20.
Rxd7 Re6 21. Qc7+ Ka7 22. Qxb7# 1-0

[Event "Plzen, JF B"]
[Site "?"]
[Date "1999.??.??"]
[Round "4.25"]
[White "Franta, S."]
[Black "Konig, M."]
[Result "1-0"]
[WhiteElo "1250"]
[BlackElo "1550"]
[PlyCount "55"]
[EventDate "1999.??.??"]
[Source "ChessBase"]
[SourceDate "1996.11.15"]

1. e4 e5 2. Nf3 Nc6 3. d4 exd4 4. Nxd4 Bc5 5. Be3 Bb6 6. Nc3 Nf6 7. Qd2 O-O 8.
Bg5 Nxd4 9. Nd5 Kh8 10. Nxb6 axb6 11. Qxd4 c6 12. a3 d5 13. O-O-O Re8 14. e5 h6
15. exf6 hxg5 16. fxg7+ Kg8 17. h4 g4 18. b4 Rxa3 19. b5 cxb5 20. h5 Qg5+ 21.
Rd2 Qxg7 22. Qxg7+ Kxg7 23. h6+ Kh7 24. Rxd5 Ra1+ 25. Kb2 Ree1 26. Bd3+ Kg8 27.
Rd8+ Re8 28. Rxe8# 1-0

[Event "Plzen, JF B"]
[Site "?"]
[Date "1999.??.??"]
[Round "4.26"]
[White "Momotov, I."]
[Black "Bouska, M."]
[Result "0-1"]
[WhiteElo "1350"]
[BlackElo "1250"]
[PlyCount "86"]
[EventDate "1999.??.??"]
[Source "ChessBase"]
[SourceDate "1996.11.15"]

1. e4 c6 2. Nc3 d5 3. exd5 cxd5 4. Nf3 Bg4 5. d4 e6 6. Bb5+ Nc6 7. O-O a6 8.
Ba4 b5 9. Bb3 Bxf3 10. Qxf3 Nxd4 11. Qh3 Nxb3 12. axb3 Nf6 13. Bg5 Bd6 14. Bxf6
Qxf6 15. Rfe1 O-O 16. Re3 Rfc8 17. Rf3 Qg6 18. Ne2 Qxc2 19. Qh5 Qxb2 20. Rf1
Rc7 21. Rh3 h6 22. g3 Rc2 23. Rh4 Rxe2 24. Qg4 Re4 25. Qh5 Rxh4 26. Qxh4 Qxb3
27. Qd4 Qc4 28. Qb6 Qc7 29. Qxc7 Bxc7 30. Rc1 Be5 31. Re1 Bf6 32. Re3 b4 33.
Rb3 Bc3 34. Kg2 a5 35. h3 a4 36. Rb1 a3 37. Kh2 a2 38. Rc1 a1=Q 39. Rxa1 Rxa1
40. Kg2 b3 41. Kf3 b2 42. Kg2 b1=Q 43. h4 Qh1# 0-1

[Event "Plzen, JF B"]
[Site "?"]
[Date "1999.??.??"]
[Round "4.27"]
[White "Tolar, J."]
[Black "Kovar, J."]
[Result "1-0"]
[WhiteElo "1350"]
[BlackElo "1250"]
[PlyCount "23"]
[EventDate "1999.??.??"]
[Source "ChessBase"]
[SourceDate "1996.11.15"]

1. d4 d5 2. c4 dxc4 3. e4 f6 4. Bxc4 e5 5. d5 Ne7 6. Nc3 a6 7. a4 g6 8. Nge2 f5
9. f3 f4 10. Qb3 Nd7 11. d6 Ng8 12. Bf7# 1-0

[Event "Plzen, JF B"]
[Site "?"]
[Date "1999.??.??"]
[Round "5.1"]
[White "Studnicka, T."]
[Black "Galicek, S."]
[Result "0-1"]
[WhiteElo "1651"]
[BlackElo "1860"]
[PlyCount "82"]
[EventDate "1999.??.??"]
[Source "ChessBase"]
[SourceDate "1996.11.15"]

1. e4 c5 2. Nf3 d6 3. d4 cxd4 4. Nxd4 Nf6 5. Nc3 a6 6. a4 e6 7. Be2 Be7 8. O-O
Nc6 9. Be3 O-O 10. Nb3 Na5 11. Nxa5 Qxa5 12. Qd4 Bd7 13. f4 Bc6 14. b4 Qc7 15.
b5 Be8 16. b6 Qc6 17. e5 Rc8 18. Bf3 Qxc3 19. Bxb7 dxe5 20. fxe5 Nd5 21. Bxc8
Qxc8 22. Rfb1 Bc6 23. Bf2 Bb7 24. c4 Nb4 25. Qg4 Nd3 26. Bg3 Bc5+ 27. Kh1 Qc6
28. Ra2 h5 29. Qg5 Qe4 30. Rba1 Be3 31. Qxh5 Nf2+ 32. Rxf2 Bxf2 33. Qh3 Bxg3
34. Qxg3 Qxc4 35. a5 Rd8 36. h3 Rd2 37. Rg1 Qd5 38. Qg5 Ra2 39. h4 Rxa5 40. Qe7
Qe4 41. Qd8+ Kh7 0-1

[Event "Plzen, JF B"]
[Site "?"]
[Date "1999.??.??"]
[Round "5.2"]
[White "Smid, M."]
[Black "Priborsky, I."]
[Result "0-1"]
[WhiteElo "1669"]
[BlackElo "1525"]
[PlyCount "58"]
[EventDate "1999.??.??"]
[Source "ChessBase"]
[SourceDate "1996.11.15"]

1. e4 e5 2. Nf3 Nc6 3. Bc4 Nf6 4. d4 exd4 5. O-O Nxe4 6. Re1 d5 7. Bxd5 Qxd5 8.
Nc3 Qh5 9. Nxe4 Be6 10. Bg5 Bb4 11. c3 dxc3 12. bxc3 Ba5 13. Ng3 Qg6 14. h4 h5
15. Qb3 Bb6 16. Qa3 Kd7 17. Rad1+ Kc8 18. Qa4 Kb8 19. Rd2 a6 20. c4 Bg4 21. Rb2
Bxf3 22. gxf3 f6 23. Bf4 Ne5 24. c5 Nxf3+ 25. Kh1 Qg4 26. Bxc7+ Bxc7 27. Re8+
Rxe8 28. Qxe8+ Ka7 29. Qe3 Nd4 0-1

[Event "Plzen, JF B"]
[Site "?"]
[Date "1999.??.??"]
[Round "5.3"]
[White "Rybak, D."]
[Black "Svoboda, Jar"]
[Result "1-0"]
[WhiteElo "1798"]
[BlackElo "1740"]
[PlyCount "39"]
[EventDate "1999.??.??"]
[Source "ChessBase"]
[SourceDate "1996.11.15"]

1. e4 e5 2. Nf3 Nc6 3. Bc4 Bc5 4. b4 Bxb4 5. c3 Ba5 6. d4 exd4 7. O-O Nf6 8.
Ba3 d6 9. e5 Ne4 10. exd6 cxd6 11. Re1 d5 12. Nbd2 Bxc3 13. Nxe4 Bxe1 14. Nd6+
Kd7 15. Bxd5 Bb4 16. Bxc6+ Kxd6 17. Bxb4+ Kxc6 18. Rc1+ Kd7 19. Qxd4+ Ke8 20.
Qxg7 1-0

[Event "Plzen, JF B"]
[Site "?"]
[Date "1999.??.??"]
[Round "5.4"]
[White "Horacek, D."]
[Black "Svoboda, Jan"]
[Result "1/2-1/2"]
[WhiteElo "1704"]
[BlackElo "1553"]
[PlyCount "77"]
[EventDate "1999.??.??"]
[Source "ChessBase"]
[SourceDate "1996.11.15"]

1. e4 e5 2. Nf3 Nc6 3. d4 exd4 4. Nxd4 Bc5 5. Be3 Qf6 6. c3 Nge7 7. Bc4 O-O 8.
O-O d6 9. Na3 Qg6 10. Re1 Ne5 11. Be2 Qxe4 12. Bf3 Nxf3+ 13. Nxf3 Bxa3 14. Bg5
Qg6 15. Bxe7 Bxb2 16. Bxf8 Bf5 17. Be7 Bxa1 18. Qxa1 f6 19. Nh4 Qh5 20. Nxf5
Qxf5 21. Qb2 Qd5 22. h3 Re8 23. Qe2 b5 24. Qg4 f5 25. Qg5 h6 26. Qe3 Kf7 27.
Qxa7 Qc6 28. Qd4 Qc4 29. Qe3 Qxa2 30. h4 Qc4 31. h5 Qe4 32. Qd2 Qc4 33. Qe3 f4
34. Qh3 Rxe7 35. Qf5+ Ke8 36. Qc8+ Kf7 37. Qf5+ Ke8 38. Qc8+ Kf7 39. Qf5+
1/2-1/2

[Event "Plzen, JF B"]
[Site "?"]
[Date "1999.??.??"]
[Round "5.5"]
[White "Petera, L."]
[Black "Fiser, J."]
[Result "1-0"]
[WhiteElo "1324"]
[BlackElo "1683"]
[PlyCount "153"]
[EventDate "1999.??.??"]
[Source "ChessBase"]
[SourceDate "1996.11.15"]

1. Nf3 Nf6 2. g3 e6 3. Bg2 d5 4. d3 c5 5. O-O Nc6 6. Nbd2 e5 7. c4 d4 8. Re1
Be7 9. a3 Nd7 10. Rb1 a5 11. e3 a4 12. exd4 cxd4 13. Ne4 O-O 14. Bg5 f5 15.
Bxe7 Qxe7 16. Ned2 Qf6 17. Re2 Nc5 18. Qc2 e4 19. Ne1 e3 20. fxe3 dxe3 21. Rxe3
Qd4 22. Nf1 f4 23. Bd5+ Be6 24. Bxe6+ Nxe6 25. Nf3 Qc5 26. gxf4 Rxf4 27. Kh1
Ncd4 28. Nxd4 Nxd4 29. Qg2 Raf8 30. Ng3 Rf2 31. Qxb7 Nf3 32. Re2 Rxe2 33. Nxe2
Qf2 34. Qd5+ Kh8 35. Qd6 Nh4 36. Qg3 Qxe2 37. Qh3 Nf3 38. Rf1 Qxd3 39. c5 Qe4
40. Qg2 Kg8 41. Rg1 Nd2 42. Qxe4 Nxe4 43. Rc1 Rc8 44. c6 Nd6 45. Kg2 Kf7 46.
Kf3 Ke7 47. Kf4 Kd8 48. Ke5 Kc7 49. Kd5 Re8 50. Rc2 Nf5 51. Kc5 Re5+ 52. Kb4
Re4+ 53. Ka5 Ne3 54. Rc3 g5 55. Kb5 Nd5 56. Rh3 Re7 57. Rh5 Rg7 58. Rh6 Nb6 59.
h3 Rf7 60. Rh5 Rf5+ 61. Ka6 Kxc6 62. Rh6+ Kc5 63. Rxb6 Rf2 64. Rb5+ Kc6 65. Ka5
Rd2 66. Kxa4 Rd4+ 67. Ka5 Rd5 68. Rxd5 Kxd5 69. Kb5 h5 70. a4 g4 71. a5 g3 72.
a6 g2 73. a7 g1=Q 74. a8=Q+ Ke5 75. Qe8+ Kd6 76. Qd8+ Ke6 77. Qb6+ 1-0

[Event "Plzen, JF B"]
[Site "?"]
[Date "1999.??.??"]
[Round "5.6"]
[White "Sedy, P."]
[Black "Priborsky, J."]
[Result "1-0"]
[WhiteElo "1671"]
[BlackElo "1444"]
[PlyCount "89"]
[EventDate "1999.??.??"]
[Source "ChessBase"]
[SourceDate "1996.11.15"]

1. e4 e5 2. Nf3 Nc6 3. Bb5 f5 4. d3 fxe4 5. dxe4 d6 6. Nc3 Nf6 7. Bg5 Be7 8.
Bxf6 Bxf6 9. Qd5 Bd7 10. O-O-O Qe7 11. Ne1 O-O-O 12. Qc4 Be6 13. Qa4 Qd7 14.
Nd3 Qe8 15. Bxc6 Qxc6 16. Qxa7 Kd7 17. Nb4 Qc4 18. Qxb7 Rb8 19. Rxd6+ Kxd6 20.
Rd1+ Ke7 21. Nc6+ Kf7 22. Nxb8 Rd8 23. Rxd8 Bxd8 24. Qb5 Qxb5 25. Nxb5 Bc4 26.
Nc3 h5 27. Nc6 Bf6 28. b3 Bf1 29. g3 h4 30. a4 Ke6 31. Nb4 g5 32. Kd2 Be7 33.
Nbd5 Bd6 34. Ne3 Ba6 35. Nb5 Bxb5 36. axb5 Bc5 37. c3 Ba7 38. b4 Kd7 39. c4 Ke6
40. c5 Kd7 41. Ng4 Ke6 42. Kd3 Bb8 43. Kc3 Ba7 44. Kb3 Bb8 45. Ka4 1-0

[Event "Plzen, JF B"]
[Site "?"]
[Date "1999.??.??"]
[Round "5.7"]
[White "Smid, J."]
[Black "Marous, R."]
[Result "0-1"]
[WhiteElo "1350"]
[BlackElo "1665"]
[PlyCount "102"]
[EventDate "1999.??.??"]
[Source "ChessBase"]
[SourceDate "1996.11.15"]

1. e4 Nf6 2. e5 Nd5 3. d4 d6 4. c4 Nb6 5. Nf3 Nc6 6. exd6 exd6 7. Be2 Be7 8.
O-O O-O 9. Bf4 Bf5 10. Nbd2 h6 11. Nb3 Bh7 12. Bd3 f5 13. Bd2 d5 14. c5 Nc4 15.
Bc3 b5 16. Nbd2 Kh8 17. b4 a5 18. a3 axb4 19. axb4 Qd7 20. Qe2 Bf6 21. Qd1 g5
22. Nb3 g4 23. Ne1 Qg7 24. Nc2 Qg5 25. Qc1 f4 26. Bxh7 Kxh7 27. Rxa8 Rxa8 28.
g3 fxg3 29. Qxg5 gxh2+ 30. Kxh2 Bxg5 31. Ra1 Rxa1 32. Nbxa1 Kg6 33. Kg3 Kf5 34.
f3 Bf4+ 35. Kf2 g3+ 36. Kg2 h5 37. Nb3 Ne7 38. Na5 Ng6 39. Kh3 Nh4 40. Ne1 Kg5
41. Nxc4 dxc4 42. d5 Ng6 43. Ng2 h4 44. Be1 Kf6 45. Nxh4 Nxh4 46. Kxh4 g2 47.
Bf2 c3 48. Kh3 c2 49. Bd4+ Ke7 50. d6+ cxd6 51. cxd6+ Kxd6 0-1

[Event "Plzen, JF B"]
[Site "?"]
[Date "1999.??.??"]
[Round "5.8"]
[White "Martinek, P."]
[Black "Novy, V."]
[Result "1/2-1/2"]
[WhiteElo "1550"]
[BlackElo "1646"]
[PlyCount "97"]
[EventDate "1999.??.??"]
[Source "ChessBase"]
[SourceDate "1996.11.15"]

1. e4 c5 2. Nc3 Nc6 3. f4 g6 4. Nf3 e6 5. Be2 Bg7 6. O-O Nge7 7. d3 O-O 8. Qe1
Nd4 9. Bd1 d5 10. Ne2 a6 11. c3 Ndc6 12. Ng3 b5 13. Nh4 Bf6 14. Nf3 b4 15. e5
Bg7 16. d4 bxc3 17. bxc3 c4 18. Bc2 Bd7 19. Ne2 Na7 20. g4 Qa5 21. Nh4 f5 22.
exf6 Rxf6 23. Qg3 Nb5 24. a4 Nd6 25. Ba3 Qb6 26. f5 exf5 27. a5 Qc6 28. g5 Re6
29. Nf4 Ne4 30. Bxe4 Rxe4 31. Qf3 Re8 32. Rae1 Nc8 33. Nhg2 Nd6 34. Ne3 Be6 35.
Bxd6 Qxd6 36. Rb1 Qa3 37. Nexd5 Bxd5 38. Nxd5 Qxa5 39. Nb6 Re3 40. Nxc4 Rxf3
41. Nxa5 Rxc3 42. Rfd1 Rd8 43. d5 Ra3 44. Nc6 Rd7 45. Rb8+ Kf7 46. d6 Ra1 47.
Rxa1 Bxa1 48. Nd8+ Kg7 49. Ne6+ 1/2-1/2